000
00297nam a2200121Ia 4500
008
240624s9999 xx 000 0 und d
041
_a
eng
100
_a
#N/A
245
_a
PUNDITS FROM PAKISTAN ON TOUR WITH INDIA
260
_a
New Delhi
_b
Penguin Books
300
_a
360;. P. 23 cm
365
_c
RS
999
_c
32523
_d
32523